Statistics for Countries of Europe - 15 Second Sprint

Click here to take the quiz!

General Stats

  • This quiz has been taken 418 times
  • The average score is 10 of 45

Answers on the Map

Answers color-coded by a green-red scale on the quiz's map according to % correct below.
 

Answer Stats

Country% Correct
United Kingdom
81%
France
65%
Sweden
63%
Ireland
59%
Spain
57%
Iceland
56%
Norway
56%
Germany
52%
Finland
51%
Russia
49%
Italy
43%
Portugal
40%
Denmark
29%
Ukraine
24%
Estonia
22%
Poland
19%
Latvia
18%
Belgium
15%
Greece
15%
Netherlands
14%
Lithuania
13%
Andorra
12%
Austria
12%
Monaco
12%
Belarus
10%
Vatican City
10%
Malta
9%
Romania
9%
Croatia
7%
Czech Republic
7%
Serbia
7%
Albania
6%
Bosnia and Herzegovina
5%
Moldova
5%
San Marino
5%
Switzerland
5%
Bulgaria
4%
Macedonia
4%
Hungary
3%
Kosovo
3%
Luxembourg
3%
Slovakia
3%
Liechtenstein
2%
Montenegro
2%
Slovenia
2%

Score Distribution

Percentile by Number Answered

Percent of People with Each Score

Your Score History

You have not taken this quiz